| 000 | 00437nam a2200169Ia 4500 | ||
|---|---|---|---|
| 003 | GCL | ||
| 008 | 140319s9999 xx 000 0 eng d | ||
| 040 |
_aGCL / _cGCL |
||
| 082 | 0 | 4 |
_a005.3 _bH T |
| 100 | 1 | _aHOLSTEIN, JUDAH | |
| 245 | 1 | 0 |
_aTEACH YOURSELF POWER BUILDER 4 IN 14 DAYS / _cHOLSTEIN, JUDAH |
| 260 |
_a[S.N] : _bSAMS PUBLISHING |
||
| 300 | _a646 | ||
| 650 | 0 | 4 | _aشعر الحرب |
| 650 | 0 | 4 | _aPROGRAMMING |
| 942 |
_2ddc _cBK |
||
| 999 |
_c11019 _d11019 |
||